| 000 | 00609nam a2200205 a 4500 | ||
|---|---|---|---|
| 001 | 18268 | ||
| 003 | CO-ViMGA | ||
| 008 | 141112s2004 ck r 000 u spa d | ||
| 020 | _a9583600857 | ||
| 040 |
_aCO-ViMGA _bspa _cCO-ViMGA |
||
| 082 | 0 | 4 | _a320.986 G147e |
| 100 | 1 |
_aGaitan, Jorge Eliecer _926026 |
|
| 245 | 1 | 0 | _aEscritos Politicos |
| 260 |
_aBogotá, _cEl Ancora Editores, _c2002 |
||
| 300 | _a175 p. | ||
| 590 | _aForma de adquisición : premio Min - Cultura | ||
| 650 | 1 | 4 |
_aCOLOMBIA - Política - SIGLO XX _926027 |
| 650 | 1 | 4 |
_aGAITAN, JORGE ELIECER - PENSAMIENTO POLITICO _926028 |
| 942 |
_2ddc _cBK |
||
| 999 |
_c27621 _d27621 |
||